Macroeconomics : (Record no. 8812)

MARC details
000 -LEADER
fixed length control field 00488cam a2200193ua 4500
008 - FIXED-LENGTH DATA ELEMENTS--GENERAL INFORMATION
fixed length control field 161022n ii |||gr||||Z||||||eng
020 ## - INTERNATIONAL STANDARD BOOK NUMBER
International Standard Book Number 9789385401350
040 ## - CATALOGING SOURCE
Transcribing agency MAIN
041 ## - LANGUAGE CODE
-- eng
082 ## - DEWEY DECIMAL CLASSIFICATION NUMBER
Classification number 339
100 ## - MAIN ENTRY--PERSONAL NAME
Personal name Ahuja, H.L.,
Relator term
245 ## - TITLE STATEMENT
Title Macroeconomics :
Remainder of title theory and policy /
Statement of responsibility, etc. By H.L. Ahuja .
250 ## - EDITION STATEMENT
Edition statement 20th rev. ed.
260 ## - PUBLICATION, DISTRIBUTION, ETC.
Place of publication, distribution, etc. New Delhi:
Name of publisher, distributor, etc. S Chand,
Date of publication, distribution, etc. 2016.
300 ## - PHYSICAL DESCRIPTION
Extent 936p.
942 ## - ADDED ENTRY ELEMENTS (KOHA)
Koha item type Books
653 ## - INDEX TERM--UNCONTROLLED
Uncontrolled term Macroeconomics & related topics
Holdings
Withdrawn status Lost status Damaged status Not for loan Home library Current library Shelving location Date acquired Total Checkouts Full call number Barcode Date due Date last seen Date last checked out Copy number Price effective from Koha item type
        Central Library, Naharkatiya College Central Library, Naharkatiya College General Stacks 19/09/2020 24 339Macroeconomics | AHU 23308 17/05/2024 05/04/2024 05/04/2024 2 19/09/2020 Books
        Central Library, Naharkatiya College Central Library, Naharkatiya College General Stacks 19/09/2020 19 339Macroeconomics | AHU 23309   08/06/2023 19/05/2023 1 19/09/2020 Books

Naharkatiya College © 2020. All rights reserved.

Powered By